Регионална библиотека "Любен Каравелов" - Русе

Мустафа Чаушев (Запис номер 530284)

MARC детайли
000 -Лидер
Лидер 02661njm a2200301 a 4500
003 - Код на организацията, давaща контролен номер
Код на организацията, даваща контролен номер BLK
005 - Дата и час на последна редакция
Дата и час на последна редакция 20250328134354.0
007 - Фиксирано поле за физическо описани
Физическо описание sd ammalaaahaa
008 - Елементи от данни с фиксирана дължина
Елементи с фиксирана дължина 250220b bu |||||s|||| 00| | bu d
028 ## - PUBLISHER NUMBER
Издателски номер ВТА 1845
040 ## - Източник на каталожния запис
Код на библиотеката BLK
041 ## - Код за език
Език на записа Български
Език за КДБФ Български
080 ## - УДК
УДК текст Други видове песни. Естрада, джаз. Стари градски. Рок и попмузика. Чалга (поп фолк)
УДК код 784.7
УДК – определител (497.2)(086.72)
УДК – код + определител 784.7(497.2)(086.72)
100 ## - Редна дума - Автор
R(LIN) 496200
Автор Чаушев, Мустафа Арифов
Години, свързани с автора 1943 -
Биография на автора Естраден певец.
245 ## - Сведения за заглавието
Заглавие Мустафа Чаушев
Авторска отговорност съпров. естраден оркестър; дир. Тончо Русев и др.
260 ## - Област на издателските данни
9 (RLIN) 210374
Място на издаване София
Име на издателя Балкантон
Година на издаване 1975
300 ## - Физическа характеристика
Брой страници 1 грамофонна плоча
Илюстрации 33 об/мин, стерео
Размер 30 см
380 ## - Жанр
Жанр Изкуство
500 ## - Общи забележки
Обща забележка I страна<br/>01. Една мечта (муз. и ар. Т. Русев, Ал. Михайлов) 3.25<br/>02. Ти не разбра как те обичам (б. т. Надежда Захариева, Т. Русев) 3.15<br/>03. Недоразумение (б. т. Надежда Захариева, Т. Русев) 3.10<br/>04. Любов за теб (б. т. Надежда Захариева, Т. Русев) 3.10<br/>05. Дъждовна балада (б. т. Кр. Станишев, К. Драгнев) 3.20<br/>06. Никой в теб не вижда любовта (б. т. Надежда Захариева, Т. Славов) 4.55<br/><br/>II страна<br/>07. Ако си отиде изведнъж (б. т. Надежда Захариева, Т. Русев) 3.55<br/>08. Пролет (муз. и ар. Т. Русев, Д. Дамянов) 3.30<br/>09. Надеждата (муз. и ар. Т. Русев, Д. Керелезов) 3.05<br/>10. Вълшебник (б. т. Кр. Станишев, К. Драгнев) 2.50<br/>11. Китка за теб (б. т. Г. Начев, Т. Русев) 3.35<br/>12. Завинаги (З. Попова, Ем. Розин, М. Ваклинов) 3.20
511 ## - Забележка за участници или изпълнители
Забележка за участници Естраден оркестър, диригенти Тончо Русев (1—4, 6, 7, 9—12), Найден Андреев (5), Вили Казасян (8)
518 ## - Забележка за време/място на протичане на отразеното събитие
Забележка за време и място на протичане на отразеното събитие Записите са направени по време на концерт "Златният Орфей '78" – Слънчев бряг
650 #7 - Допълнително описание по предмет – тема
9 (RLIN) 155090
Предметна рубрика Естрада
700 1# - Други автори (авторска отговорност)
9 (RLIN) 117583
Друг автор Русев, Тончо Русев
852 ## - Местоположение
Сигнатура (форматна) Ф ІІ 3668
Отдел Хранилище
856 ## - Електронен адрес и достъп
Инструкция (цена за достъп) 0.00
Права за достъп disable
942 ## - АРТИКУЛИ
Вид на библиотечния документ Грамофонни плочи
Скрит в OPAC Не
944 ## - СЪЗДАВАНЕ И РЕДАКЦИЯ на ЗАПИСА
Дата на регистрацията/редакция Севдалина Тодорова
Служител, извършил регистрацията/редакцията 30540
Статус, дата на статуса Севдалина Тодорова
Създаване/Редакция
999 ## - СИСТЕМНИ КОНТРОЛНИ НОМЕРА
Koha biblionumber 530284
Koha biblioitemnumber 530284
Наличности
Код за отписване Код за изгубен артикул Източник на класификационната схема Код за повреда Коз за рестрикции Код за отдаване Артикулен № Име на библиотеката - собственик Име на библиотеката, в която се намира в момента Статус (Текущо местоположение) Дата на вписване в системата Местоположение - отдел Цена в лева Инвентарен номер Систематично азбучна сигнатура Баркод Цена в евро Служебен тип на артикула
  Не е изгубен Universal Decimal Classification Не е повреден само за читалня ползва се в читалня 965245 Регионална библиотека "Любен Каравелов" Русе Регионална библиотека "Любен Каравелов" Русе Хранилище 2025-03-28 Основен фонд - ползва се само за читалня 2.30 9230 Ф ІІ 3668 900000117073 1.18 Грамофонни плочи
Vip Innovations Ltd, Rousse, Bulgaria 2025